000 00737nam a22002417a 4500
003 UA-OsUOA
001 33088
007 ta
008 20050311b un ||||| |||| 00| 0 ukr d
090 _a016:82(09)
_bВ68
942 _cBK
040 _aUA-OsUOA
_bukr
_cUA-OsUOA
_dUA-OsUOA
245 _aВолодимир Галактіонович Короленко і Рівненщина. До 150-річчя від дня народження
_cУклад. Н. М.Кожан Т. О.Пономарьова
300 _a56 с.
955 _a0
041 _aukr
080 _a016:82(09)
020 _a966-8306-04-Х
260 _aРівне
_bВолинські обереги
_c2003
044 _aUA
650 7 _2UDC
999 _c319545
_d319545